=LDR 00000nam 2200000 4500 =001 000951 =005 20250712013018 =035 ##$$a 0010-0725000830 =007 ta =008 250712################a##########0#ind## =020 ##$$a 978-623-472-291-8 =082 ##$$a 398.209 598 =084 ##$$a 398.209 598 HLE g =100 #$$a Hlengwe Zondi, Zimbili Dlamini =245 1#$$a Guruku /$c Hlengwe Zondi, Zimbili Dlamini =250 ##$$a Cetakan Pertama =260 ##$$a Jakarta :$b Badan Pengembangan dan Pembinaan Bahasa,$c 2022 =300 ##$$a 16 hlm. : $b Ilus. ; $c 22,9 cm =650 #4$$a Cerita anak Indonesia terjemahan =650 #4$$a Literasi bahan bacaan